Zli´ínsky Kraj - All Municipalities - Statistics

General Stats
  • This quiz has been taken 2 times
  • The average score is 45 of 291
Answers on the Map
Answers color-coded by a green-red scale on the quiz's map according to % correct below.
 
Answer Stats
Answer % Correct
Bystřice pod Hostýnem
100%
Fryšták
100%
Holešov
100%
Hulín
100%
Kroměříž
100%
Kurovice
100%
Kvasice
100%
Rožnov pod Radhoštěm
100%
Zlín
100%
Bělov
50%
Bezměrov
50%
Blazice
50%
Branky
50%
Břest
50%
Brusné
50%
Cetechovice
50%
Chropyně
50%
Chvalčov
50%
Dolní Bečva
50%
Držková
50%
Honětice
50%
Horní Bečva
50%
Horní Němčí
50%
Hoštice
50%
Jankovice
50%
Karolín
50%
Komárno
50%
Koryčany
50%
Kostelec u Holešova
50%
Kyselovice
50%
Lechotice
50%
Lešná
50%
Lhota
50%
Litenčice
50%
Loukov
50%
Ludslavice
50%
Lukov
50%
Lutopecny
50%
Martinice
50%
Míškovice
50%
Mrlínek
50%
Napajedla
50%
Němčice
50%
Nivnice
50%
Nová Dědina
50%
Osíčko
50%
Otrokovice
50%
Pacetluky
50%
Podhradní Lhota
50%
Police
50%
Přílepy
50%
Prostřední Bečva
50%
Prusinovice
50%
Rajnochovice
50%
Rataje
50%
Roštění
50%
Roštín
50%
Rusava
50%
Rymice
50%
Skaštice
50%
Slavkov
50%
Slavkov pod Hostýnem
50%
Slušovice
50%
Staré Město
50%
Střílky
50%
Tlumačov
50%
Uherské Hradiště
50%
Uherský Brod
50%
Uherský Ostroh
50%
Valašská Polanka
50%
Valašské Klobouky
50%
Valašské Meziříčí
50%
Veselá
50%
Vítonice
50%
Zahnašovice
50%
Žalkovice
50%
Záříčí
50%
Zborovice
50%
Zdounky
50%
Žeranovice
50%
Babice
0%
Bánov
0%
Bílovice
0%
Biskupice
0%
Bojanovice
0%
Bojkovice
0%
Bořenovice
0%
Boršice
0%
Bratřejov
0%
Břestek
0%
Březnice
0%
Březolupy
0%
Březová
0%
Březůvky
0%
Buchlovice
0%
Bystřice pod Lopeníkem
0%
Bystřička
0%
Částkov
0%
Chomýž
0%
Choryně
0%
Dešná
0%
Dobrkovice
0%
Dolní Lhota
0%
Dolní Němčí
0%
Doubravy
0%
Dřínov
0%
Drnovice
0%
Drslavice
0%
Francova Lhota
0%
Halenkov
0%
Halenkovice
0%
Haluzice
0%
Hluk
0%
Horní Lhota
0%
Horní Lideč
0%
Hošťálková
0%
Hostějov
0%
Hostětín
0%
Hostišová
0%
Hovězí
0%
Hradčovice
0%
Hřivínův Újezd
0%
Hrobice
0%
Huštěnovice
0%
Hvozdná
0%
Jablůnka
0%
Jalubí
0%
Janová
0%
Jarcová
0%
Jarohněvice
0%
Jasenná
0%
Jestřabí
0%
Kaňovice
0%
Karlovice
0%
Karolinka
0%
Kašava
0%
Kateřinice
0%
Kelč
0%
Kelníky
0%
Kladeruby
0%
Kněžpole
0%
Komárov
0%
Komňa
0%
Korytná
0%
Košíky
0%
Kostelany
0%
Kostelany nad Moravou
0%
Křekov
0%
Kudlovice
0%
Kunkovice
0%
Kunovice
0%
Lačnov
0%
Leskovec
0%
Lhota u Vsetína
0%
Lhotsko
0%
Lidečko
0%
Lípa
0%
Lipová
0%
Liptál
0%
Lopeník
0%
Loučka
0%
Lubná
0%
Ludkovice
0%
Luhačovice
0%
Lukoveček
0%
Lutonina
0%
Lužná
0%
Machová
0%
Malá Bystřice
0%
Medlovice
0%
Mikulůvka
0%
Mistřice
0%
Modrá
0%
Mysločovice
0%
Návojná
0%
Nedachlebice
0%
Nedakonice
0%
Nedašov
0%
Nedašova Lhota
0%
Neubuz
0%
Nezdenice
0%
Nítkovice
0%
Nový Hrozenkov
0%
Oldřichovice
0%
Ořechov
0%
Ostrata
0%
Ostrožská Lhota
0%
Ostrožská Nová Ves
0%
Osvětimany
0%
Oznice
0%
Pačlavice
0%
Pašovice
0%
Petrůvka
0%
Pitín
0%
Podhradí
0%
Podkopná Lhota
0%
Podolí
0%
Pohořelice
0%
Polešovice
0%
Popovice
0%
Poteč
0%
Pozděchov
0%
Pozlovice
0%
Prakšice
0%
Prasklice
0%
Pravčice
0%
Prlov
0%
Provodov
0%
Pržno
0%
Racková
0%
Ratiboř
0%
Rokytnice
0%
Rudice
0%
Rudimov
0%
Růžďka
0%
Salaš
0%
Šanov
0%
Šarovy
0%
Sazovice
0%
Sehradice
0%
Šelešovice
0%
Seninka
0%
Slavičín
0%
Slopné
0%
Soběsuky
0%
Soláň
0%
Spytihněv
0%
Staré Hutě
0%
Starý Hrozenkov
0%
Štítná nad Vláří
0%
Strání
0%
Střelná
0%
Stříbrnice
0%
Střížovice
0%
Študlov
0%
Stupava
0%
Suchá Loz
0%
Sulimov
0%
Šumice
0%
Sušice
0%
Svárov
0%
Tečovice
0%
Tichov
0%
Topolná
0%
Traplice
0%
Třebětice
0%
Trnava
0%
Tučapy
0%
Tupesy
0%
Ublo
0%
Uhřice
0%
Újezd
0%
Újezdec
0%
Ústí
0%
Valašská Bystřice
0%
Valašská Senice
0%
Valašské Příkazy
0%
Vápenice
0%
Vážany
0%
Velehrad
0%
Veletiny
0%
Velká Lhota
0%
Velké Karlovice
0%
Velký Ořechov
0%
Věžky
0%
Vidče
0%
Vigantice
0%
Vizovice
0%
Vlachova Lhota
0%
Vlachovice
0%
Vlčková
0%
Vlčnov
0%
Vrbka
0%
Všemina
0%
Vsetín
0%
Vyškovec
0%
Vysoká
0%
Vysoké Pole
0%
Záhorovice
0%
Zašová
0%
Zástřizly
0%
Zděchov
0%
Žitková
0%
Zlámanec
0%
Zlechov
0%
Zlobice
0%
Žlutava
0%
Zubří
0%
No matching quizzes found
Score Distribution
Percent of People with Each Score
Percentile by Number Answered
Your Score History
You have not taken this quiz